000 00772nam a22002537a 4500
003 DO-SdBNP
005 20250321073607.0
007 ta
008 220701b2008 dr ||||| |||| 00| 0 spa d
020 _a9789993449577
040 _aDO-SdBNP
_bspa
_cBNPHU
082 4 _aRD863.44
_bP426p, 2008
_222
100 1 _aPeralta Romero, Rafael,
_d1948-
_979774
245 1 0 _aPunto por punto /
_cRafael Peralta Romero.
250 _a3a ed.
260 _aSanto Domingo :
_bGente,
_c2008.
300 _a109 p. ;
_c22 cm.
500 _aIncluye datos biográficos del autor en las solapas
590 _aInventariado, 2022/BT
650 0 _aCuentos dominicanos
_9176
650 0 _aLiteratura dominicana.
_967
910 _aBtavárez/Validado. Control de calidad MFF
942 _2ddc
_cLBS1
999 _c52130
_d52130